000
00253nam a22000977a 4500
008
230607b |||||||| |||| 00| 0 eng d
020
_a
9789354895869
100
_a
AYER SOUMYA
_9
7682
245
_a
THE GHOST OF MALABAR
260
_a
INDIA
_b
HARPER COLLINS
_c
2022
999
_c
12315
_d
12315